[Event "World op 48th"]
[Site "ICC INT"]
[Date "2020.08.09"]
[Round "9"]
[White "Xu, Kevin"]
[Black "Rosenberg, Evan"]
[Result "0-1"]
[WhiteElo "1798"]
[BlackElo "2125"]
[PlyCount "88"]
[EventDate "2020.08.07"]
[EventType "swiss"]
[EventRounds "9"]
[EventCountry "USA"]
[SourceTitle "CBM 197 Extra"]
[Source "ChessBase"]
[SourceDate "2020.09.30"]
[SourceVersion "1"]
[SourceVersionDate "2020.09.30"]
[SourceQuality "1"]

1. d4 Nf6 2. c4 e6 3. Nf3 d5 4. Nc3 Bb4 5. cxd5 exd5 6. Bg5 0-0 7. e3 h6 8. Bxf6 Qxf6 9. Qb3 c5 10. Qxd5 Nc6 11. a3 cxd4 12. axb4 dxc3 13. Qb3 cxb2 14. Rb1 a5 15. b5 Bf5 16. Rxb2 Nb4 17. Nd4 Rac8 18. Bc4 Rxc4 19. Qxc4 Nd3+ 20. Ke2 Nxb2 21. Qb3 Rc8 22. Qxb2 Rc2+ 23. Qxc2 Bxc2 24. Nxc2 Qb2 25. Kd2 Qxb5 26. f3 a4 27. Ra1 Qa5+ 28. Ke2 Qc3 29. Kd1 b5 30. Ra3 Qc4 31. Kd2 b4 32. Rxa4 Qc3+ 33. Kd1 b3 34. Na3 Qa1+ 35. Kd2 b2 36. Ra8+ Kh7 37. Rb8 Qxa3 38. Kc2 Qc5+ 39. Kxb2 Qe5+ 40. Kc2 Qxb8 41. Kd2 Qb2+ 42. Kd3 Qxg2 43. Ke4 Kg6 44. Kf4 Qxh2+ 0-1

[Event "World op 48th"]
[Site "ICC INT"]
[Date "2020.08.08"]
[Round "6"]
[White "Le, Harry"]
[Black "Xu, Kevin"]
[Result "1-0"]
[WhiteElo "1833"]
[BlackElo "1798"]
[PlyCount "85"]
[EventDate "2020.08.07"]
[EventType "swiss"]
[EventRounds "9"]
[EventCountry "USA"]
[SourceTitle "CBM 197 Extra"]
[Source "ChessBase"]
[SourceDate "2020.09.30"]
[SourceVersion "1"]
[SourceVersionDate "2020.09.30"]
[SourceQuality "1"]

1. d4 Nf6 2. c4 e6 3. g3 d5 4. Bg2 Be7 5. Nf3 0-0 6. 0-0 c6 7. Nbd2 Nbd7 8. Qc2 b6 9. e4 Bb7 10. Rd1 Rc8 11. e5 Ne8 12. cxd5 cxd5 13. Qd3 Nc7 14. Nf1 b5 15. h4 h6 16. N1h2 Re8 17. Ng4 Bf8 18. Bg5 hxg5 19. Nxg5 g6 20. f4 Bg7 21. h5 Nf8 22. h6 Bh8 23. h7+ Kg7 24. Nf6 Re7 25. g4 Ne8 26. Ng8 Nxh7 27. Nxe7 Qxe7 28. Nf3 Qd7 29. Kf2 Kg8 30. Rh1 Qc6 31. Rac1 Qxc1 32. Rxc1 Rxc1 33. Qxb5 Bc6 34. Qa6 Nf8 35. Kg3 Nd7 36. Qxa7 Rc2 37. b4 Rc4 38. Qa5 Kf8 39. b5 Bb7 40. Qa3+ Kg7 41. Qe7 Nb6 42. Qxb7 Nc8 43. b6 1-0

[Event "World op 48th"]
[Site "ICC INT"]
[Date "2020.08.08"]
[Round "4"]
[White "Xu, Kevin"]
[Black "Diep, Andrew"]
[Result "0-1"]
[WhiteElo "1798"]
[BlackElo "1932"]
[PlyCount "90"]
[EventDate "2020.08.07"]
[EventType "swiss"]
[EventRounds "9"]
[EventCountry "USA"]
[SourceTitle "CBM 197 Extra"]
[Source "ChessBase"]
[SourceDate "2020.09.30"]
[SourceVersion "1"]
[SourceVersionDate "2020.09.30"]
[SourceQuality "1"]

1. d4 Nf6 2. c4 g6 3. Nc3 Bg7 4. e4 d6 5. Bd3 0-0 6. Nge2 e5 7. d5 a5 8. 0-0 Na6 9. b3 Nd7 10. a3 Ndc5 11. Bc2 Bd7 12. Rb1 f5 13. f3 Be8 14. b4 Nd7 15. exf5 gxf5 16. f4 Bh5 17. Qd3 e4 18. Qh3 Bg6 19. Be3 axb4 20. axb4 Nf6 21. Nd4 Ng4 22. Ne6 Qf6 23. Nxe4 fxe4 24. Qxg4 Qc3 25. Qe2 Nxb4 26. Rfc1 Ra2 27. Bd2 Bd4+ 28. Kh1 Rxc2 29. Bxc3 Rxe2 30. Bxd4 Nd3 31. Nxf8 Nxc1 32. Nxg6 Re1+ 33. Bg1 hxg6 34. g3 e3 35. Kg2 e2 36. Bf2 Rd1 37. Kf3 b6 38. c5 bxc5 39. Rb8+ Kf7 40. Rb7 e1Q 41. Bxe1 Rxe1 42. Rxc7+ Re7 43. Rc6 Rd7 44. h4 Na2 45. Ke4 Nc3+ 0-1

[Event "World op 48th"]
[Site "ICC INT"]
[Date "2020.08.07"]
[Round "1"]
[White "Xu, Kevin"]
[Black "Costello, Alexander"]
[Result "1/2-1/2"]
[WhiteElo "1798"]
[BlackElo "2259"]
[PlyCount "125"]
[EventDate "2020.08.07"]
[EventType "swiss"]
[EventRounds "9"]
[EventCountry "USA"]
[SourceTitle "CBM 197 Extra"]
[Source "ChessBase"]
[SourceDate "2020.09.30"]
[SourceVersion "1"]
[SourceVersionDate "2020.09.30"]
[SourceQuality "1"]

1. d4 Nf6 2. c4 g6 3. Nc3 d5 4. cxd5 Nxd5 5. Bd2 Bg7 6. e4 Nxc3 7. Bxc3 0-0 8. Qd2 Nd7 9. Nf3 Nf6 10. Bd3 b6 11. 0-0 e6 12. Rac1 Bb7 13. Qe2 Qe7 14. a3 Nd7 15. Bb4 c5 16. dxc5 Nxc5 17. Rc2 Rac8 18. Rfc1 Rfd8 19. Bxc5 Rxc5 20. Rxc5 bxc5 21. Qc2 Bxb2 22. Qxb2 Rxd3 23. Ne5 Rd4 24. f3 Qf6 25. Qxb7 Qxe5 26. Qc8+ Kg7 27. Qxc5 Rd1+ 28. Kf2 Rd2+ 29. Kg1 Qb2 30. Qc3+ Qxc3 31. Rxc3 Ra2 32. e5 g5 33. h3 h5 34. g4 h4 35. Rb3 Kg6 36. Rc3 a5 37. Rb3 a4 38. Rc3 Kg7 39. Rd3 Kf8 40. Rc3 Ke8 41. Rd3 f6 42. exf6 Kf7 43. f4 Kxf6 44. fxg5+ Kxg5 45. Rf3 Kg6 46. Re3 Kf6 47. Rf3+ Ke5 48. Re3+ Kf4 49. Rc3 e5 50. Rc4+ e4 51. g5 Kg3 52. Rc3+ Kf4 53. g6 Rd2 54. g7 Rd8 55. Kf2 Re8 56. Rc7 e3+ 57. Ke2 Rg8 58. Rf7+ Ke4 59. Re7+ Kd4 60. Rd7+ Ke4 61. Re7+ Kf4 62. Rf7+ Ke4 63. Re7+ 1/2-1/2